Cross selling bankových poistných produktov diplomová práca

Uložené v:
Podrobná bibliografia
Hlavný autor: Čanády, Roman
Korporativný autor: Národohospodárska fakulta EU. Katedra bankovníctva a medzinárodných financií
Ďalší autori: Sobek, Otto
Médium: Kniha
Jazyk:Slovak
Vydavateľské údaje: Bratislava 2009
Tagy: Pridať tag
Žiadne tagy, Buďte prvý, kto otaguje tento záznam!

MARC

LEADER 00000nam$a2200000$$$4500
001 0095242
005 20240319123201.0
041 0 |a slo 
044 |a SK 
245 1 0 |a Cross selling bankových poistných produktov  |b diplomová práca  |c Roman Čanády ; škol. Otto Sobek 
264 1 |a Bratislava  |c 2009 
300 |a 82 s. 
100 1 |a Čanády, Roman 
700 1 |a Sobek, Otto 
710 2 |a Národohospodárska fakulta EU. Katedra bankovníctva a medzinárodných financií